00752nam a2200181 a 450000100100000000500170001000800410002704000250006808200150009310000390010824501440014726000510029130000270034259000260036970000450039595201130044099900170055300004839320201002061123.0190221s1956 dr a r 000 0 spa d aDO-SdBNPbspacBNPHU axxxxbY43p1 aYélamos Romera, Francisco97580410aPiedras preciosas :bestudio histórico-científico desde la antiguedad /cFrancisco Yélamos Romera ; prólogo José María Pemán. aCadiz, España :bGonzález Rubiales,c1956. a69 p. :bil. ;c22 cm. aInventariado, 2019/BT1 aPemán, José María,epról.947739 001050718RVaPDbPDcHDd2019-02-21iLF1l0oxxxx Y43pp48393-10r2020-06-25w2020-06-25y1ZNo se presta c47881d47881